Statistiche per Quiz sull'Indonesia

Clicka qui per fare il quiz!

Statistiche generali

  • Questo quiz è stato fatto 334 volte
    (329 dall'ultimo reset)
  • Il punteggio medio è 15 su 24

Statistiche sulle risposte

ClueRisposta% Corretto
CapitaleGiacarta
95%
Paesi che confinano con l'IndonesiaPapua Nuova Guinea
88%
L'87,2% degli indonesiani appartiene a questa religioneIslam
86%
Paesi che confinano con l'IndonesiaMalesia
86%
Paesi che confinano con l'IndonesiaTimor Est
84%
L'Indonesia ha subito 130.000 morti a causa di questo tipo di disastro nel 2004Tsunami
83%
Animale nazionaleDrago di {Komodo}
74%
Paese che ha colonizzato l'IndonesiaPaesi Bassi
73%
Isola molto frequentata dai turistiBali
70%
isole più grandiBorneo
69%
isole più grandiGiava
67%
isole più grandiSumatra
66%
Borobudur è il più grande al mondo tra queste costruzioniTempio {Buddista}
57%
L'Indonesia ha la popolazione più numerosa di questa grande scimmiaOrangutan
55%
Isole più grandiNuova Guinea
53%
Nome di uno delle due principali vulcani che eruttarono nel XIX secolo in modo catastroficoKrakatoa | Tambora
51%
isole più grandiSulawesi
47%
Soprannome del precedente (indizio: un frutto puzzolente)Il Grande {Durian}
44%
Valuta dell'IndonesiaRupiah
44%
In Indonesia si trova il Rafflesia arnoldii , il più grande _____della Terra.Fiore
39%
Nome di uno dei due primi presidenti dell'IndonesiaSukarno | Suharto
38%
Capitale di quest'isolaDenpasar
36%
Principale esportazione del XVII e XVIII secoloSpezie
35%
Super vulcano, esploso 74.000 anni fa, che ha quasi causato l'estinzione degli esseri umaniLago {Toba}
31%

Distribuzione punteggi

Percentile per numero di risposta

Percentuale di utenti per punteggio

I tuoi punteggi nel tempo

Non hai fatto questo quiz dall'ultimo reset